000 00622nam a2200217Ia 4500
005 20220914112653.0
008 210716s2007 xx 000 0 und d
020 _a9788173197987
040 _cAIMIT LIBRARY
041 _aeng
082 _a575.1
_22
_bMIGG
100 _aMiglani, G S.
_957435
245 _aAdvanced genetics /
_cBy G S Miglani
250 _a2nd ed.
260 _aNew Delhi :
_bNarosa Publishing House ,
_c2007.
300 _axix, 743p. ;
_c24 cm.
650 _aDNA damage
_957436
650 _aSpecialised chromosomes
_957437
650 _2Genetic engi meering
942 _2ddc
_cBK
_e2nd
_k575.1 MICG
999 _c192192
_d192192